Elenca la formazione - Quiz n°56 - Statistics

Statistiche generali
  • Questo quiz è stato fatto 79 volte
  • Il punteggio medio è 10 su 11
Statistiche sulle risposte
Ruolo Nazione Calciatore % Corretto
Attaccante Argentina Lionel Messi
100%
Centrocampista Spagna Xavi
98%
Difensore Spagna Gerard Piqué
95%
Attaccante Brasile Neymar
95%
Centrocampista Spagna Sergio Busquets
95%
Difensore Brasile Daniel Alves
92%
Attaccante Cile Alexis Sánchez
89%
Difensore Argentina Javier Mascherano
89%
Difensore Spagna Jordi Alba
89%
Portiere Spagna Víctor Valdés
88%
Centrocampista Spagna Cesc Fàbregas
45%
Nessun quiz corrispondente trovato
Distribuzione punteggi
Percentuale di utenti per punteggio
Percentile per numero di risposta
I tuoi punteggi nel tempo
Non hai fatto questo quiz